The Chinese heritage / (Запис № 480559)

МАРК-запис
000 -LEADER
fixed length control field 01548cam a2200397 i 4500
001 - CONTROL NUMBER
control field chineseheritage00wuku
003 - CONTROL NUMBER IDENTIFIER
control field CaSfIA
005 - DATE AND TIME OF LATEST TRANSACTION
control field 20210117223827.0
007 - PHYSICAL DESCRIPTION FIXED FIELD--GENERAL INFORMATION
fixed length control field cr||||
008 - FIXED-LENGTH DATA ELEMENTS--GENERAL INFORMATION
fixed length control field 810109s1982 nyua b 001 0 eng
010 ## - LIBRARY OF CONGRESS CONTROL NUMBER
LC control number 80028846
040 ## - CATALOGING SOURCE
Original cataloging agency DLC
Transcribing agency DLC
Modifying agency OCLCQ
-- BTCTA
-- OCLCG
-- CCV
-- CaSfIA
020 ## - INTERNATIONAL STANDARD BOOK NUMBER
International Standard Book Number 051754475X
020 ## - INTERNATIONAL STANDARD BOOK NUMBER
International Standard Book Number 9780517544754
035 ## - SYSTEM CONTROL NUMBER
System control number (OCoLC)7197395
043 ## - GEOGRAPHIC AREA CODE
Geographic area code a-cc---
050 00 - LIBRARY OF CONGRESS CALL NUMBER
Classification number DS741.65
Item number .W8 1981
082 0# - DEWEY DECIMAL CLASSIFICATION NUMBER
Classification number 931
Edition number 19
029 1# - (OCLC)
OCLC library identifier NLGGC
System control number 810828871
029 1# - (OCLC)
OCLC library identifier NZ1
System control number 2577937
029 1# - (OCLC)
OCLC library identifier AU@
System control number 000001893137
029 1# - (OCLC)
OCLC library identifier AU@
System control number 000023933043
029 1# - (OCLC)
OCLC library identifier AU@
System control number 000021871784
100 1# - MAIN ENTRY--PERSONAL NAME
Personal name Wu, Kuo-Cheng,
Dates associated with a name 1903-
245 14 - TITLE STATEMENT
Title The Chinese heritage /
Medium [electronic resource]
Statement of responsibility, etc K.C. Wu.
250 ## - EDITION STATEMENT
Edition statement 1st ed.
260 ## - PUBLICATION, DISTRIBUTION, ETC. (IMPRINT)
Place of publication, distribution, etc New York :
Name of publisher, distributor, etc Crown,
Date of publication, distribution, etc c1982.
300 ## - PHYSICAL DESCRIPTION
Extent xi, 496 p. :
Other physical details ill. ;
Dimensions 25 cm.
504 ## - BIBLIOGRAPHY, ETC. NOTE
Bibliography, etc Includes bibliographical references (p. 468-479) and index.
506 ## - RESTRICTIONS ON ACCESS NOTE
Standardized terminology for access restriction Необхідна авторизація на https://archive.org/ (створення облікового запису безкоштовно)
506 ## - RESTRICTIONS ON ACCESS NOTE
Standardized terminology for access restriction Необхідна авторизація на https://openlibrary.org/ (створення облікового запису безкоштовно)
651 #0 - SUBJECT ADDED ENTRY--GEOGRAPHIC NAME
Geographic name China
General subdivision Civilization
Chronological subdivision To 221 B.C.
856 41 - ELECTRONIC LOCATION AND ACCESS
Uniform Resource Identifier <a href="http://www.archive.org/details/chineseheritage00wuku">http://www.archive.org/details/chineseheritage00wuku</a>
Public note Free eBook from the Internet Archive
856 42 - ELECTRONIC LOCATION AND ACCESS
Uniform Resource Identifier <a href="http://www.openlibrary.org/books/OL4113717M">http://www.openlibrary.org/books/OL4113717M</a>
Public note Additional information and access via Open Library
942 ## - ADDED ENTRY ELEMENTS (KOHA)
Koha item type ЕКнига

Немає доступних примірників.